|
|
|
|
| LEADER |
00000nam a2200000Ii 4500 |
| 001 |
DIGREVMGM0088 |
| 003 |
NyNyDIG |
| 006 |
m o d |
| 007 |
cr ||||||||||| |
| 008 |
241203s2024 sp a o 000 0 spa d |
| 035 |
|
|
|a (OCoLC)1482221608
|
| 040 |
|
|
|a DGITA
|b eng
|e rda
|e pn
|c DGITA
|
| 020 |
|
|
|a 9788429198270
|q (ePub)
|
| 020 |
|
|
|z 9788410121171
|q papel
|
| 050 |
1 |
4 |
|a HQ768 ebook
|
| 100 |
1 |
|
|a Amen, Daniel G.,
|e author.
|
| 245 |
1 |
0 |
|a Cómo criar hijos con fortaleza mental :
|b combinando el poder de la neurociencia con amor y lógica para que crezcan confiados, responsables, bondadosos y resilientes /
|c Daniel G. Amen & Charles Fay ; prólogo de Jim Fay ; traducción al español, Patricia Cabral.
|
| 264 |
|
1 |
|a Barcelona :
|b Editorial Reverté,
|c [2024]
|
| 300 |
|
|
|a 1 online resource :
|b illustrations.
|
| 336 |
|
|
|a text
|b txt
|2 rdacontent
|
| 337 |
|
|
|a computer
|b c
|2 rdamedia
|
| 338 |
|
|
|a online resource
|b cr
|2 rdacarrier
|
| 347 |
|
|
|a text file
|2 rdaft
|
| 347 |
|
|
|b EPUB
|
| 500 |
|
|
|a "REMlife"--Cover.
|
| 588 |
0 |
|
|a Online resource; title from ePub title page (Digitalia, viewed December 3, 2024)
|
| 650 |
|
0 |
|a Child rearing.
|
| 700 |
1 |
|
|a Fay, Charles,
|d 1964-
|e contributor agent of text.
|
| 700 |
1 |
|
|a Fay, Jim,
|e author.
|
| 700 |
1 |
|
|a Cabral, Patricia
|c (Translator),
|e translator.
|
| 791 |
2 |
|
|a Digitalia (Firm),
|e distributor.
|
| 793 |
0 |
|
|g Digitalia eBook Collection:
|a Reverté Management
|
| 776 |
0 |
8 |
|i Print version:
|a Amen, Daniel G.
|t Cómo criar hijos con fortaleza mental.
|d Barcelona : Editorial Reverté, [2024]
|z 9788410121171
|
| 856 |
4 |
0 |
|3 Digitalia Hispánica
|u https://www.digitaliapublishing.com/a/160930/
|
| 910 |
|
|
|a Premium collection: 2024
|